| 000 | 01565nam a2200301 a 4500 | ||
|---|---|---|---|
| 001 | BRCA_8772 | ||
| 005 | 20190320210414.0 | ||
| 008 | 310317s1771----sp-#######---#000-0#spa-# | ||
| 041 | _aspa | ||
| 044 | _asp | ||
| 084 |
_aBE136 _b.V35 1771 |
||
| 100 | 1 |
_aValentin de la Madre de Dios _921849 |
|
| 245 | 1 | 0 |
_aFuero de la conciencia _cescrito por el P. Fr. Valentín de la Madre de Dios, carmelito descalzo ; nuevamente corregido, y añadido con las burlas de N. Ss. padre Benedicto Decimoquarto, pertenecientes admores; por los RR. PP. Fr. Juan Antonio de S. Agustín, y Fr. Julián del Santísimo Sacramento, de la misma orden. |
| 260 |
_aMadrid _ben la Oficina de Pantaleón Aznar _c1771 |
||
| 300 |
_a[10], 543 p. (t.1) _c21.5 x 15.5 cm. |
||
| 500 | _aCon las licencias necesarias | ||
| 500 | _aDividido en dos partes | ||
| 500 | _aAñadese por este ultimo una instrucción practica para los párrocos, y confesores, sobre el modo de recurrir por las dispensas, en los impedimentos ocultos de matrimonio, irregulares, votos, &c | ||
| 500 | _aEstado físico: presenta encuadernación en pergamino, con lomo desprendido, algunas hojas manchadas, cintas rotas y presencia del pez de plata | ||
| 650 | 1 | 4 |
_aMoral cristiana _yObras anteriores a 1800 _921666 |
| 650 | 1 | 4 |
_aSacramentos _yObras anteriores a 1800 _921850 |
| 650 | 1 | 4 |
_aConfesión _yObras anteriores a 1800 _921851 |
| 700 | 1 |
_aBenedicto Decimoquarto _921852 |
|
| 700 | 1 |
_aJulian del Santisimo Sacramento _921853 |
|
| 700 | 1 |
_aJuan Antonio de S. Agustin _921854 |
|
| 902 | _aCFM | ||
| 942 |
_2lcc _cB |
||
| 999 |
_c8423 _d8423 |
||